<?xml version="1.0" encoding="UTF-8"?>
<marc:record xmlns:marc="http://www.loc.gov/MARC21/slim">
   <marc:leader>00000nam a2200000 a 4500</marc:leader>
   <marc:datafield ind1="1" ind2=" " tag="100">
      <marc:subfield code="a">Kuehs, Wilhelm</marc:subfield>
      <marc:subfield code="4">aut</marc:subfield>
      <marc:subfield code="e">Verfasser/-in</marc:subfield>
   </marc:datafield>
   <marc:datafield ind1="0" ind2="0" tag="245">
      <marc:subfield code="a">Dianas Liste</marc:subfield>
   </marc:datafield>
   <marc:datafield ind1="0" ind2="0" tag="245">
      <marc:subfield code="b">ein biografischer Roman</marc:subfield>
   </marc:datafield>
   <marc:datafield ind1="0" ind2="0" tag="245">
      <marc:subfield code="c">Kuehs, Wilhelm</marc:subfield>
   </marc:datafield>
   <marc:datafield ind1=" " ind2="1" tag="264">
      <marc:subfield code="a">Innsbruck ; Wien</marc:subfield>
      <marc:subfield code="b">Tyrolia</marc:subfield>
      <marc:subfield code="c">2017</marc:subfield>
   </marc:datafield>
   <marc:datafield ind1="1" ind2=" " tag="520">
      <marc:subfield code="a">"Ich wollte, dass geholfen werde, wo immer es möglich war" Diana BudisavljevicSie rettete tausende Kinder aus den Konzentrationslagern der kroatischen Ustasa. Doch Diana Budisavljevic ist heute fast vergessen. Als Diana Obexer in Innsbruck geboren, ging sie die der Liebe wegen nach Kroatien. Dort fand sie mitten im Grauen des Zweiten Weltkrieges ihre Bestimmung. Mit Mut, Beharrlichkeit und oft unter Lebensgefahr bewahrten Diana und ihre Helfer die Kinder vor dem sicheren Tod in den Lagern. "Dianas Liste" erzählt die Geschichte dieser außergewöhnlichen Heldin. [Verlagsmeldung]</marc:subfield>
   </marc:datafield>
   <marc:datafield ind1=" " ind2=" " tag="020">
      <marc:subfield code="a">9783702235970</marc:subfield>
      <marc:subfield code="9">9783702235970</marc:subfield>
   </marc:datafield>
   <marc:datafield ind1=" " ind2=" " tag="020">
      <marc:subfield code="a">3702235973</marc:subfield>
      <marc:subfield code="9">3702235973</marc:subfield>
   </marc:datafield>
   <marc:datafield ind1=" " ind2=" " tag="041">
      <marc:subfield code="a">ger</marc:subfield>
   </marc:datafield>
   <marc:datafield ind1=" " ind2=" " tag="338">
      <marc:subfield code="a">Band</marc:subfield>
   </marc:datafield>
   <marc:datafield ind1=" " ind2=" " tag="300">
      <marc:subfield code="a">259 S.</marc:subfield>
   </marc:datafield>
</marc:record>
